Countries by national stereotype - Statistics

General Stats
  • This quiz has been taken 972 times
    933 since last reset
  • The average score is 19 of 25
Answer Stats
Stereotype Country % Correct
fat, ignorant, patriotic United States
99%
Catholic, excellent cook, like pasta Italy
96%
polite, friendly, hockey fan Canada
95%
proper, bad teeth, like tea United Kingdom
95%
smart, Asian, like anime Japan
94%
loud, freezing, vodka addict Russia
94%
drunk, red haired, lucky Ireland
88%
communist, best Korea, hate America North Korea
87%
Atheistic, politically correct, Nordic Sweden
86%
rising superpower, Asian, like rice China
85%
Hindu, like elephents, like yoga India
85%
rich, neutral, peaceful Switzerland
82%
overcrowded, Muslim, hate India Pakistan
71%
like reggae, pot addict, long hair Jamaica
69%
Vampire, gypsy, poor Romania
69%
liberal, like windmills, like cheese Netherlands
68%
Like cigars, Hispanic, isolated Cuba
67%
Sharia law, Muslim, oil miner Saudi Arabia
67%
mountain climber, Buddhist, Yetti Nepal
64%
happy, not Nordic, like saunas Finland
63%
rude, accented, lose wars France
62%
Hispanic, cocaine addict, poor Colombia
58%
pirate, African, anarchist Somalia
58%
loud, like fosters, hate sharks Australia
57%
capitalist, like Starcraft, hate the north South Korea
53%
No matching quizzes found
Score Distribution
Percent of People with Each Score
Percentile by Number Answered
Your Score History
You have not taken this quiz since the last reset